Clubs de la Ligue des champions 2023-2024. - Statistiques

Statistiques générales
  • Ce quiz a été pris 326 fois
  • Le résultat moyen est 22 sur 32
Statistiques - réponses
Clubs % Correct
Paris SG
99%
Real Madrid
96%
Manchester City
96%
Borussia Dortmund
94%
FC Barcelone
94%
Bayern München
93%
Inter Milan
93%
AC Milan
93%
Arsenal
87%
RC Lens
85%
Atlético de Madrid
83%
Manchester United
81%
Newcastle United
80%
SSC Naples
79%
FC Porto
76%
SL Benfica
73%
RB Leipzig
71%
PSV Eindhoven
70%
Séville FC
69%
FC Copenhague
60%
Galatasaray SK
57%
SS Lazio
55%
Real Sociedad
54%
Chakhtar Donetsk
51%
Union Berlin
49%
Feyenoord Rotterdam
48%
Celtic Glasgow
45%
Étoile rouge de Belgrade
44%
BSC Young Boys
44%
SC Braga
42%
Royal Antwerp
41%
RB Salzbourg
37%
Aucun quiz correspondant
Distribution des résultats
% des personnes avec chaque résultat
Percentile par nombre de réponses
Votre historique - résultats
Vous n’avez pas pris ce quiz